Harry Potter Mini-Minefields II Quiz Stats

Quiz Updated Jun 21, 2017

Challenge
Share
Tweet
Embed
Score 0/48 Timer 08:00
0 Plays Today
% Correct
???
87.9%
???
83.3%
???
80.7%
???
75.9%
???
74.5%
???
61.9%
???
61.4%
???
60.9%
???
57.8%
???
57%
???
56.8%
???
56.8%
???
56.8%
???
52.7%
???
49.7%
???
47.2%
???
39.6%
???
39.6%
???
39.6%
???
35.4%
???
32.4%
???
29.8%
???
29.7%
???
28.1%
% Correct
???
28%
???
25.9%
???
25.9%
???
25.8%
???
25.5%
???
25.2%
???
21.1%
???
20.3%
???
19.7%
???
19.7%
???
19.7%
???
19.3%
???
19.3%
???
19.2%
???
18.2%
???
12.8%
???
12.5%
???
12.4%
???
12.3%
???
12.3%
???
12.3%
???
10.1%
???
10.1%
???
10.1%

You're not logged in!

Compare scores with friends on all Sporcle quizzes.
Sign Up with Email
OR
Log In

You Might Also Like...

Show Comments

Extras

Top Quizzes Today


Score Distribution

Your Account Isn't Verified!

In order to create a playlist on Sporcle, you need to verify the email address you used during registration. Go to your Sporcle Settings to finish the process.